000 00726nam a22002417a 4500
005 20170124110222.0
010 _aA-226934
020 _c00.00
035 _aA-226934
037 _bCen Lib/Ret
040 _aDPL
_bEN
082 _a025.3
_bSEN
100 _aSengupta, Benoyendra
_940040
245 _aCataloguing:
_cby Benoyendra Sengupta
_bits theory and practice /
250 _a3rd rev. ed
260 _aCalcutta
_bWorld Press
_c1974
270 _a37A, College Street
_bCalcutta
_e700012
300 _axviii,471p.
_c21cm(Hb)
500 _aIncludes bibliographical references and index
650 _aCataloging
_940041
650 _aLibrary catalogs
_938721
942 _2ddc
_cEN
_h025.3
_mSEN
999 _c134193
_d134193